000
00202 a2200097 4500
020
_a
9780064442374
041
_a
eng
100
_a
Syd Hoff
245
_a
Happy Birthday Danny and the Dinosaur
942
_c
K
999
_c
27775
_d
27775